00666 2200241 4500001002100000005001500021035002000036007000300056008004100059020002200100020002200122082000800144084001400152100003300166245004000199250002000239300002700259264004400286336003200330337003000362338002300392990000900415INLIS00000000000272320260206120155 a0010-0226000012ta260206 0  a978-979-20-5584-3 a978-602-02-2615-6 a791 a791 MAS n0 aMasashi KishimotoePengarang1 aNARUTO Vol. 62 /cMasashi Kishimoto acetakan pertama a185 halaman ;c16,5 cm aJakarta :bElex Media Komputindo,c2013 2rdacontentateks dan gambar 2rdamediaatanpa perantara 2rdacarrieravolume a6077